000 00507nam a2200205Ia 4500
008 210210b2007 xxu||||| |||| 00| 0 eng d
020 _a9780120885466
041 _aeng
082 _a574.88 MULM
100 _aMULHARDT (Cornel).
245 _aMolecular biology and genomics.
260 _aAmsterdam
_bElsevier Publishers Limited
_c2007
300 _aix,257
650 _aMolecular
650 _agenomics.
650 _abiology
650 _aand
690 _aMolecular Biology
906 _a061902
999 _c115728
_d115728